Dinge die mit D anfangen (Kenshin Edition) - Statistiken

Allgemein
  • Dieses Quiz wurde 304 mal gespielt
  • Das Durchschnittsergebnis liegt bei 12 aus 16
Antwortstatistiken
Bildquiz Antwort % Korrekt
Dänemark
100%
Deutschland
100%
Donut
95%
Drache
95%
Dalmatiner
92%
Donner
90%
Dromedar
88%
Düsseldorf
85%
Disney
81%
Dominikanische Republik
71%
Donau
59%
Dschibuti
58%
Delaware
54%
Dortmund
49%
Dame
42%
Durian
35%
Keine übereinstimmenden Quizze gefunden
Verteilung der Resultate
Anzahl Personen mit jedem Resultat
Perzentil nach korrekt beantworteten Fragen
Ihre Resultats-Entwicklung
Sie haben dieses Quiz noch nicht gespielt